Ambície silného "kráľa" Obnovením jadrových skúšok Francúzsko stratilo viac, ako získalo

Bibliographic Details
Main Author: Škoda, Ján (Author)
Format: Article
Language:Slovak
Subjects:

MARC

LEADER 00000nab a2200000 a 4500
001 vtls000557706
003 SK-MaSNL
005 20260304213527.0
008 120929c1995 xo 0 slo
015 |a SNBRB19rr/mm-uuuuu 
035 |a CL0557844 
040 |a SNKBUCL  |b slo  |c SNKBUCL  |e AACR2 
041 0 |a slo 
044 |a xo  |c SK 
080 |a 355.02(44):623.454.8:623.451.74.083.2  |2 1981 
080 |a 623.454.8  |2 1981 
080 |a 623.451.74.083.2  |2 1981 
100 1 |a Škoda, Ján  |4 aut  |9 396537 
245 1 0 |a Ambície silného "kráľa"  |b Obnovením jadrových skúšok Francúzsko stratilo viac, ako získalo  |c Ján Škoda 
650 0 7 |a vojenská politika  |2 snkbucl  |9 1646 
650 0 7 |a vedecké pokusy  |2 SNKPH  |9 69059 
650 0 7 |a jadrová fyzika  |2 SNKPH  |9 817 
651 7 |a Francúzsko  |2 snkbucl  |9 15907 
655 7 |a články z novín a časopisov  |2 snkbucl  |9 267496 
773 0 |t Pravda  |g Roč. 5, č. 210 (10. 9. 1995), s. 13 
850 |a Slovenská národná knižnica v Martine  |a MTA001 
852 |a SNK  |b KIS3GCP 
958 |a RK 
992 |a RBX 
999 |c 3136313  |d 3138243